| 000 | 00727nam a2200217 a 4500 | ||
|---|---|---|---|
| 999 |
_c3636 _d3636 |
||
| 001 | 3636 | ||
| 003 | BD-JhCC | ||
| 005 | 20171115185450.0 | ||
| 008 | 171115s1964 b ||||| |||| 00| 0 ben d | ||
| 035 | _a(BD-JhCC) | ||
| 040 |
_aBD-JhCC _dBD-JhCC |
||
| 041 | _aben | ||
| 082 |
_a920 _bABD 1964 |
||
| 100 | _aআবদুল্লাহ্,আবু মোহান্মদ, কাজী | ||
| 245 |
_aছোটদের হায়দর আলী / _cকাজী আবু মোহান্মদ আবদুল্লাহ্ |
||
| 260 |
_aঢাকা : _bআহমদ পাবলিশিং হাউস, _c১৯৬৪ |
||
| 300 |
_a62 p. : _c18cm. |
||
| 650 | _aBiography | ||
| 942 |
_2ddc _cBK |
||